000 00606nam a22001817a 4500
005 20250225155414.0
010 _aENG-143834
020 _c450.00
_a9789367139769
035 _aEN-127366
037 _bDBAD
082 _a530
245 _aNEET Physics/
260 _aUtter Pradesh
_bBy Pearson India Education Services
270 _a1st floor, Berger Tower,Plot No. C-001A/2, Sector 16B, Noida
_bUtter Pradesh
_e20301
_k04466540100
_mcompanysecreetary.india@pearson.com
300 _a189vp.
_c25cm(pb)
500 _aA Complete Guide For NEET Aspirants
942 _2ddc
_cEN
_h530
_mNEE
999 _c209221
_d209221